00305nam a2200121Ia 4500008004100000041000800041082001400049100002300063245004500086260003200131300001500163365000500178240624s9999 xx 000 0 und d aeng a005.1 GOO aGOODRICH MICHAEL T aALGORITHM DESIGN FOUNDATIONS ANALYSIS AN c2003aSingaporebJohn Wiley axii, : 708 c